000 00505nam a2200169 i 4500
001 45777
003 ES-MaACL
005 20230906161256.0
007 t|
008 030326s1923 sp ||||1| spa d
100 1 _aCondeminas, Francisco.
_940137
245 1 3 _aLa marina española
_b: (compendio histórico) /
_cFrancisco Condeminas.
260 _aBarcelona :
_b[Serra y Russel],
_c1923.
300 _a354 p. :
_bil. ;
_c22 cm.
651 4 _aEspaña-
_xHistoria naval.
_98375
852 _aES-MaACL
_jG-5381
999 _c45777
_d45777